| 000 | 02016cam a2200493 4500500 | ||
|---|---|---|---|
| 005 | 20260111053125.0 | ||
| 041 | _afre | ||
| 042 | _adc | ||
| 100 | 1 | 0 |
_aMalcor, Marc _eauthor |
| 700 | 1 | 0 |
_ade Vitry, Alexandre _eauthor |
| 700 | 1 | 0 |
_aGarnier, Gautier _eauthor |
| 700 | 1 | 0 |
_aAlbanel, Véronique _eauthor |
| 700 | 1 | 0 |
_aNys-Mazure, Colette _eauthor |
| 700 | 1 | 0 |
_aOiry, Béatrice _eauthor |
| 700 | 1 | 0 |
_aDethurens, Pascal _eauthor |
| 700 | 1 | 0 |
_aAnger, Violaine _eauthor |
| 700 | 1 | 0 |
_aNieuwjaer, Raphaël _eauthor |
| 700 | 1 | 0 |
_aLeboyer, Olivia _eauthor |
| 700 | 1 | 0 |
_aPourquery, Didier _eauthor |
| 700 | 1 | 0 |
_aGlaise, Anthony _eauthor |
| 700 | 1 | 0 |
_aBellon, Raphaëlle _eauthor |
| 700 | 1 | 0 |
_aCugno, Alain _eauthor |
| 700 | 1 | 0 |
_aPlusquellec, Florent _eauthor |
| 700 | 1 | 0 |
_aCorman, Antoine _eauthor |
| 700 | 1 | 0 |
_aRibereau-Gayon, Philippe _eauthor |
| 700 | 1 | 0 |
_aDonegani, Jean-Marie _eauthor |
| 700 | 1 | 0 |
_aLaux, Henri _eauthor |
| 700 | 1 | 0 |
_aCordemoy, Laurent _eauthor |
| 700 | 1 | 0 |
_aProtais, Baptiste _eauthor |
| 700 | 1 | 0 |
_aEuvé, François _eauthor |
| 700 | 1 | 0 |
_aMycinski, Cyprien _eauthor |
| 700 | 1 | 0 |
_aMaila, Joseph _eauthor |
| 700 | 1 | 0 |
_aArnault, Gabriel _eauthor |
| 700 | 1 | 0 |
_aBrowaeys, Dorothée _eauthor |
| 700 | 1 | 0 |
_aHoudeville, Eymard _eauthor |
| 700 | 1 | 0 |
_aKorchane, Faker _eauthor |
| 700 | 1 | 0 |
_aPerrot, Étienne _eauthor |
| 245 | 0 | 0 | _aNew releases |
| 260 | _c2025. | ||
| 500 | _a93 | ||
| 520 | _aAlfred Hitchcock’s religious upbringing shaped his cinematic works. Not that he dealt directly with the question of the Catholic faith or wanted to proselytize, but he discovered the many faces of fear outside the protective family bubble, thanks to his education in several Jesuit institutions. The filmmaker never managed to shake these childhood fears—at best, he endeavored to exorcise them through his films. | ||
| 786 | 0 | _nÉtudes | Mars | 3 | 2025-02-17 | p. 121-144 | 0014-1941 | |
| 856 | 4 | 1 | _uhttps://shs.cairn.info/revue-etudes-2025-3-page-121?lang=en&redirect-ssocas=7080 |
| 999 |
_c1613703 _d1613703 |
||